000 00481cam a2200169 a 4500
020 _a076741747X (alk. paper)
040 _cDLC
082 0 0 _a796 MAY 2001 A085 Or.
245 0 0 _aApplied sport psychology :
_bpersonal growth to peak performance /
250 _a4th ed.
260 _aMountain View, Calif. :
_bMayfield Pub. Co.,
_cc2001.
300 _axxiii, 548 p. ;
_c25 cm.
650 0 _aSports
650 0 _aCoaching (Athletics)
700 1 _aWilliams, Jean M.
942 _cEK
999 _c13785
_d13785